000 00546nam a2200193Ia 4500
003 GCL
008 140319s9999 xx 000 0 ara d
020 _a738511977
040 _aGCL /
_cGCL
082 0 4 _a813.03
_bت س
100 1 _aتوفيق الحكيم
245 1 0 _aسلطان الظلام /
_cتوفيق الحكيم
260 _aالقاهرة :
_bمكتبة مصر ،
_c1988
300 _a131 ص ؛
_c19 سم
650 0 4 _aالادب العربى
650 0 4 _aتوفيق الحكيم
650 0 4 _aالادب
942 _2ddc
_cBK
999 _c41822
_d41822